000 00391 a2200157 4500
001 151191
040 _cEscola São Tomás de Aquino
100 _aPOE, Edgar Allan
240 1 0 _aHistórias extraordinárias
_lpor
245 1 0 _aHistórias extraordinárias
300 _a121
362 0 _a2005
440 1 _aLarousse
697 _aContos de Fadas e Clássicos da Literatura
942 _cBK
999 _c151191
_d151191